New Zealand Opposition Leaders - Statistics

General Stats
  • This quiz has been taken 6 times
  • The average score is 15 of 47
Answer Stats
Tenure Party Answer % Correct
2023-Incumbent Labour Chris Hipkins
100%
2021-2023 National Christopher Luxon
100%
2001-2003 National Bill English
75%
2017-2018 National Bill English
75%
1993-1999 Labour Helen Clark
75%
1999-2001 National Jenny Shipley
75%
2006-2008 National John Key
75%
2017 Labour Jacinta Ardern
50%
2020-2021 National Judith Collins
50%
1974-1975 National Robert Muldoon
50%
1984 National Robert Muldoon
50%
2018-2020 National Simon Bridges
50%
1936-1940 National Adam Hamilton
25%
2014-2017 Labour Andrew Little
25%
1963-1965 Labour Arnold Nordmeyer
25%
1975-1983 Labour Bill Rowling
25%
2013-2014 Labour David Cunliffe
25%
1983-1984 Labour David Lange
25%
2011-2013 Labour David Shearer
25%
2003-2006 National Don Brash
25%
1925 Liberal George Forbes
25%
1935-1936 United/National George Forbes
25%
1928-1931 Reform Gordon Coates
25%
1926-1928 Labour Harry Holland
25%
1931-1933 Labour Harry Holland
25%
1972-1974 National Jack Marshall
25%
1986-1990 National Jim Bolger
25%
1984-1986 National Jim McLay
25%
1957-1960 National Keith Holyoake
25%
1933-1935 Labour Michael Joseph Savage
25%
1990-1993 Labour Mike Moore
25%
1965-1972 Labour Norman Kirk
25%
1949-1950 Labour Peter Fraser
25%
2008-2011 Labour Phil Goff
25%
1940-1949 National Sidney Holland
25%
1951-1957 Labour Walter Nash
25%
1960-1963 Labour Walter Nash
25%
1889-1891 Liberal John Balance
0%
1891 Conservative John Bryce
0%
1913-1919 Liberal Joseph Ward
0%
1928 United Joseph Ward
0%
1920-1925 Liberal Thomas Wilford
0%
2020 National Todd Muller
0%
1920 Liberal William MacDonald
0%
1903-1912 Conservative/Reform William Massey
0%
1891-1893 Conservative William Rolleston
0%
1894-1901 Conservative William Russell
0%
No matching quizzes found
Score Distribution
Percent of People with Each Score
Percentile by Number Answered
Your Score History
You have not taken this quiz